Points de repères durant le vingtième siècle pour le DNB - Statistiques

Statistiques générales
  • Ce quiz a été pris 652 fois
  • Le résultat moyen est 6 sur 15
Statistiques - réponses
Dates Evènements historiques % Correct
1914-1918 Grande Guerre
99%
1939-1945 Seconde Guerre Mondiale
85%
1933-1945 Allemagne d'Hitler
66%
1917 Révolution Russe
66%
1947-1991 Guerre froide
64%
1989 Chute du mur de Berlin
62%
1936 Front populaire
44%
1962 Indépendance de l'Algérie
34%
1944-1945 Libération
20%
1958 Naissance de la Vème République
17%
1945 Création de l'ONU
16%
1957 Traité de Rome
16%
1975 Loi Veil sur l'IVG
9%
1981 Première alternance, élection de François Mitterrand
4%
1962 Election du président au suffrage universel direct
2%
Aucun quiz correspondant
Distribution des résultats
% des personnes avec chaque résultat
Percentile par nombre de réponses
Votre historique - résultats
Vous n’avez pas pris ce quiz